000 00475nas a2200193 i 4500
001 C2-0323073
003 PPAK
005 20180729123404.0
008 131001s my |||| ||||| | may d
022 _a1675-3453
040 _aPPAK
_beng
_cPPAK
_erda
245 0 0 _aMajalah i
264 1 _aShah Alam :
_bKarangkraf ,
336 _2rdacontent
_atext
337 _2rdamedia
_aunmediated
338 _2rdacarrier
_avolume
650 1 0 _aIslam - Periodicals
942 _ddc
_cSR
999 _c149774
_d149774